000
00336nam a2200145Ia 4500
008
090124s9999 xx 000 0 und d
082
_b
305129
245
_a
कठोर
250
_a
1
260
_b
कर्णिक हेमन
_c
2004
300
_a
153
630
_a
कठोर
730
_a
कठोर
942
_c
BOOK
999
_c
195085
_d
195085